000 00543nam a2200157 i 4500
001 bg
245 0 _aAdvances in boundary elements :
_bproceedings of the 11 International Conference on Boundary Element Methods, Cambridge, USA, August 1989.
_nVol. 2,
_pStress analysis /
_ced. by C. A. Brebbia, J. J. Connor.
260 _aBerlin,
_c1989.
700 1 _aBrebbia, C. A.
_d(1938- ).
_eRed.
700 1 _aConnor, J. J.
_eRed.
040 _cBPK
041 _apol
080 _a624:621.01
942 _cKS
008 s pl f |000 0 pol
999 _c29201
_d29201
856 _uhttp://koha.tu.koszalin.pl/cgi-bin/koha/opac-detail.pl?biblionumber=29201
_yKatalog online BPK